TWICE title tracks - Statistics

General Stats
  • This quiz has been taken 231 times
  • The average score is 11 of 18
Answer Stats
Album Name Title Track % Correct
Fancy You FANCY
85%
Page Two Cheer Up
83%
Summer Nights Dance the Night Away
83%
Twicetagram Likey
83%
The Story Begins Like Ooh-Ahh
82%
TWICEcoaster: Lane 1 TT
81%
Formula of Love: O+T=<3 SCIENTIST
72%
TWICEcoaster: Lane 2 Knock Knock
71%
Merry & Happy Heart Shaker
65%
Eyes Wide Open I Can't Stop Me
62%
Between 1&2 Talk that Talk
61%
Taste Of Love Alcohol-Free
59%
READY TO BE SET ME FREE
59%
With YOU-th ONE SPARK
49%
The Year of "YES" The Best Thing I Ever Did
30%
&TWICE Fake & True
16%
BDZ -Repackage- Stay By My Side
9%
&TWICE -Repackage- SWING
9%
No matching quizzes found
Score Distribution
Percent of People with Each Score
Percentile by Number Answered
Your Score History
You have not taken this quiz